[Event "Motor City op"]
[Site "Warren"]
[Date "2000.11.25"]
[Round "3"]
[White "Green, Milton"]
[Black "Mohammed, Azziem"]
[Result "0-1"]
[WhiteElo "1197"]
[BlackElo "1730"]
[PlyCount "106"]
[EventDate "2000.11.24"]
[EventType "swiss"]
[EventRounds "7"]
[EventCountry "USA"]
[SourceTitle "EXT 2009"]
[Source "ChessBase"]
[SourceDate "2008.11.26"]
[SourceVersion "1"]
[SourceVersionDate "2008.11.26"]
[SourceQuality "1"]

1. Nf3 Nf6 2. g3 d5 3. Bg2 Nbd7 4. d4 e6 5. Bg5 Be7 6. c4 c6 7. Nc3 h6 8. Bf4 0-0 9. 0-0 Re8 10. Qc2 dxc4 11. Rac1 Qa5 12. a3 Nd5 13. Bd2 Qd8 14. e4 Nxc3 15. Qxc3 b5 16. Bf4 Bb7 17. e5 Nb6 18. Nd2 Nd5 19. Qf3 Nxf4 20. gxf4 Qxd4 21. Rfd1 Qxb2 22. Nxc4 bxc4 23. Rb1 Qxa3 24. Rxb7 c3 25. Qe4 Bc5 26. Qc2 Rac8 27. Rb3 Qa4 28. Qxc3 Bb6 29. Qf3 Red8 30. Rbd3 Bd4 31. Kh1 g6 32. Ra3 Qc2 33. Rad3 c5 34. Qh3 Kg7 35. R1d2 Qc1+ 36. Bf1 Rb8 37. f5 exf5 38. Rd1 Qf4 39. Rf3 Qg4 40. Qxg4 fxg4 41. Rf6 Bxe5 42. Rxd8 Rxd8 43. Rc6 Rd1 44. Kg2 Rc1 45. Ba6 Rc2 46. Rc8 Bd4 47. Kg3 h5 48. Rc7 Be5+ 49. Kh4 Bxc7 50. h3 Rxf2 51. Bc8 g3 52. Bb7 Kh6 53. Bg2 g5# 0-1